000
00288nam a2200121Ia 4500
005
20251222155047.0
008
251222s9999||||xx |||||||||||||| ||spa||
082
_a
INV. 17
100
_a
WARWICK DONAL.
245
0
_a
Centro de Investigaciones Sociales M
264
_b
Minsa
942
_c
LIB
999
_c
37121
_d
37121